Kunjeradský zámok (pri Rajecke Teplice)

Zobrazenie: Pohľad na zámok vľavo v pozdí na lúke. Okolo zámku vedie cestička. V popredí vidno štyri budovy obklopené ihličnatými aj listnatými stromami. Stromy vidno aj v popredí, Pohľad zhora spoza stromov na kopci. V diaľke za zámkom vidno zalesnené hory

Bibliographic Details
Other Authors: Schmigutz, Štefan (fotograf) (Photographer)
Format: Photo
Language:Slovak
PhysicalDescription:1 pohľadnica tónovaná do modra 9 x 14 cm
Published: Rajec Foto - Schmigutz [1923?]
Subjects:

MARC

LEADER 00000ckm a2200000 a 4500
001 vtls010098949
003 SK-MaSNL
005 20260331205727.0
007 kf ao
008 200701q1923 xo g kuslo
015 |a SNBG1923 
040 |a SNK  |b slo  |c SNK  |e AACR2 
041 0 |a slo 
043 |a e-xo--- 
044 |a xo  |c SK 
072 7 |a 913  |x Regionálna geografia  |2 konspekt 
080 |a 913(437.6)  |2 2011 
080 |a (084.121)  |2 2011 
080 |a 728.82  |2 2011 
080 |a 721  |2 2011 
100 1 |a Schmigutz, Štefan  |c (fotograf)  |4 pht  |9 325207 
245 1 0 |a Kunjeradský zámok (pri Rajecke Teplice)  |h grafika  |c Foto - Schmigutz 
260 |a Rajec  |b Foto - Schmigutz  |c [1923?] 
300 |a 1 pohľadnica  |b tónovaná do modra  |c 9 x 14 cm 
520 8 |a Zobrazenie: Pohľad na zámok vľavo v pozdí na lúke. Okolo zámku vedie cestička. V popredí vidno štyri budovy obklopené ihličnatými aj listnatými stromami. Stromy vidno aj v popredí, Pohľad zhora spoza stromov na kopci. V diaľke za zámkom vidno zalesnené hory 
650 0 7 |a zámky  |2 SNKPH  |9 3041 
650 0 7 |a budovy  |2 SNKPH  |9 1283 
651 7 |a Kunerad (Slovensko)  |2 SNKPHgeo  |9 66606 
655 7 |a miestne pohľadnice  |2 SNKPH  |9 70510 
958 |a GBN 
958 |a GC 
999 |c 1090821  |d 1092751 
952 |a SNK  |b SNK  |y PREZ  |7 0  |p 17A0656690  |o snkSP 56026  |z Pohľadnica prešla poštou.  |0 0  |1 0  |4 0  |d 2010-05-24  |f 1  |l 0  |r 2026-02-24 16:56:14  |w 2026-02-24